Tilastot visalle Neuvostotasavaltojen vaakunat

Klikkaa tästä pelataksesi tätä visaa!

Yleistilastot

  • Tätä visaa on pelattu 9 kertaa
  • Keskiarvotulos 9 / 17

Vastaustilastot

Vastaus% Oikein
Eestin SNT
100%
Latvian SNT
100%
Kirgiisien SNT
67%
Liettuan SNT
67%
Ukrainan SNT
67%
Armenian SNT
50%
Azerbaidžanin SNT
50%
Georgian SNT
50%
Karjalais-suomalainen SNT
50%
Kazahstanin SNT
50%
Tadžikistanin SNT
50%
Turkmenistanin SNT
50%
Uzbekistanin SNT
50%
Valko-Venäjän SNT
50%
Venäjän SNT
50%
Moldovan SNT
17%
Transkaukasian SNT
0%

Tulosjakauma

Persentiili vastausten määrän mukaan

Jokaisen tuloksen saaneiden osuus

Tuloshistoriasi

Et ole pelannut tätä visaa